[Event "European Women-ch 2023"]
[Site "Petrovac"]
[Date "2023.03.28"]
[Round "10.18"]
[White "Maione, Melissa"]
[Black "Goriachkina, Oksana"]
[Result "0-1"]
[WhiteElo "2028"]
[BlackElo "1759"]
[Annotator "TA"]
[PlyCount "76"]
[EventDate "2023.03.15"]
[EventType "swiss"]
[EventCountry "MNE"]
[SourceTitle "playchess.com"]
[Source "ChessBase"]
[SourceQuality "1"]

1. e4 c6 2. d4 d5 3. e5 Bf5 4. h4 a6 5. g4 Bd7 6. Be3 e6 7. Nc3 c5 8. dxc5 Qc7 9. f4 Bxc5 10. Qd2 Ne7 11. h5 Bxe3 12. Qxe3 Nbc6 13. Nf3 b5 14. O-O-O Na5 15. Nd4 Nec6 16. b3 Nxd4 17. Qxd4 Rc8 18. Rh3 O-O 19. g5 Nc6 20. Qd2 Qa5 21. Kb2 d4 22. Nb1 Nb4 23. Na3 Rxc2+ 24. Nxc2 Qxa2+ 25. Kc1 Rc8 26. Bc4 bxc4 27. Qxb4 d3 28. Qc3 cxb3 29. Rhxd3 Rxc3 30. Rxc3 b2+ 31. Kd2 b1=Q 32. Rxb1 Qxb1 33. Rc7 Be8 34. Rc8 Kf8 35. Ra8 Qf1 36. Ke3 Qc1+ 37. Kd3 Qd1+ 38. Kc3 Qf3+ 0-1

[Event "European Women-ch 2023"]
[Site "Petrovac"]
[Date "2023.03.28"]
[Round "10.19"]
[White "Froewis, Annika"]
[Black "Velikic, Adela"]
[Result "1-0"]
[WhiteElo "2123"]
[BlackElo "2329"]
[Annotator "TA"]
[PlyCount "79"]
[EventDate "2023.03.15"]
[EventType "swiss"]
[EventCountry "MNE"]
[SourceTitle "playchess.com"]
[Source "ChessBase"]
[SourceQuality "1"]

1. e4 c6 2. Nc3 d5 3. Nf3 Bg4 4. h3 Bxf3 5. Qxf3 e6 6. Be2 Bc5 7. Qg3 Bd4 8. O-O Nd7 9. Re1 Ne7 10. exd5 exd5 11. Bg4 h5 12. Bf3 Qb8 13. Qxb8+ Rxb8 14. Ne2 Bf6 15. d4 Nf8 16. Bf4 Rd8 17. g3 Ne6 18. c3 Bg5 19. Bxg5 Nxg5 20. Bg2 h4 21. Nf4 Rd6 22. Re5 Ne6 23. Rae1 Kd7 24. Bf3 hxg3 25. fxg3 Rh6 26. Bg4 Ng8 27. Kg2 Rf6 28. Nh5 Rg6 29. Bf5 Rg5 30. Nf4 Rxf5 31. Rxf5 Nd8 32. Nd3 f6 33. Rh5 Nh6 34. Nc5+ Kc7 35. Re7+ Kc8 36. Rxg7 Nhf7 37. Rhh7 b6 38. Nd3 Rd7 39. Nf4 Re7 40. Kf2 1-0

[Event "European Women-ch 2023"]
[Site "Petrovac"]
[Date "2023.03.28"]
[Round "10.19"]
[White "Mashchenko, Tamila"]
[Black "Huseynova, Lala"]
[Result "1/2-1/2"]
[WhiteElo "1956"]
[BlackElo "1694"]
[Annotator "TA"]
[PlyCount "95"]
[EventDate "2023.03.15"]
[EventType "swiss"]
[EventCountry "MNE"]
[SourceTitle "playchess.com"]
[Source "ChessBase"]
[SourceQuality "1"]

1. c4 c5 2. Nc3 g6 3. g3 Bg7 4. Bg2 Nc6 5. e4 a6 6. Nge2 b5 7. cxb5 axb5 8. Nxb5 Ba6 9. Nbc3 Nb4 10. O-O Bd3 11. Nf4 Bxf1 12. Bxf1 e6 13. a3 Ne7 14. Rb1 Nbc6 15. b4 cxb4 16. axb4 O-O 17. b5 Nd4 18. Bb2 Nc8 19. Bg2 Ra7 20. Nd3 Nb6 21. e5 d6 22. exd6 Qxd6 23. Ne4 Qe7 24. Bc3 Nd5 25. Nec5 Qd6 26. b6 Nxb6 27. Ne4 Qc7 28. Bb4 Rd8 29. Bc5 Ra6 30. Nb4 Ra5 31. Bxd4 Bxd4 32. Nc6 Rad5 33. Nxd8 Rxd8 34. Rc1 Qe5 35. Qb3 Nd5 36. Rf1 h6 37. d3 f5 38. Nd2 Rb8 39. Qc4 Ba7 40. Nf3 Qf6 41. Re1 g5 42. Qc6 Nb4 43. Qd7 Qf7 44. Qd6 Rb6 45. Qd8+ Qf8 46. Qd7 Qf7 47. Qd8+ Qf8 48. Qd7 1/2-1/2

[Event "European Women-ch 2023"]
[Site "Petrovac"]
[Date "2023.03.28"]
[Round "10.20"]
[White "Klek, Hanna Marie"]
[Black "Mayrhuber, Nikola"]
[Result "1-0"]
[WhiteElo "2314"]
[BlackElo "2162"]
[Annotator "TA"]
[PlyCount "59"]
[EventDate "2023.03.15"]
[EventType "swiss"]
[EventCountry "MNE"]
[SourceTitle "playchess.com"]
[Source "ChessBase"]
[SourceQuality "1"]

1. e4 c5 2. Nf3 d6 3. d4 cxd4 4. Nxd4 Nf6 5. Nc3 a6 6. Be2 e5 7. Nb3 Be7 8. O-O O-O 9. Qd3 Be6 10. Bd2 b5 11. Nd5 Nbd7 12. Ba5 Qe8 13. Nc7 Qc8 14. Nxa8 Qxa8 15. f3 d5 16. exd5 Nxd5 17. Rfe1 Nf4 18. Qd2 Bg5 19. Qd1 Qa7+ 20. Kh1 Qf2 21. Bf1 Nh5 22. Re2 Qh4 23. Be1 Qc4 24. Bf2 Qc7 25. a4 b4 26. a5 Rc8 27. Be3 Nf4 28. Rd2 Be7 29. Bxa6 Ra8 30. Bf1 1-0

[Event "European Women-ch 2023"]
[Site "Petrovac"]
[Date "2023.03.28"]
[Round "10.20"]
[White "Bakalarz, Grazyna"]
[Black "Gamal, Alaa"]
[Result "1/2-1/2"]
[WhiteElo "1847"]
[BlackElo "1748"]
[Annotator "NA RC COMBH"]
[PlyCount "74"]
[EventDate "2023.03.15"]
[EventType "swiss"]
[EventCountry "MNE"]
[SourceTitle "playchess.com"]
[Source "ChessBase"]
[SourceQuality "1"]

1. e4 c5 2. c3 g6 3. d4 cxd4 4. cxd4 d5 5. exd5 Nf6 6. Qa4+ Nbd7 7. Nc3 Bg7 8. d6 exd6 9. Nf3 O-O 10. Be2 Nb6 11. Qa3 Re8 12. O-O Be6 13. Bf4 d5 14. Bb5 Bd7 15. Rfe1 Bxb5 16. Nxb5 Nc4 17. Qb3 Rxe1+ 18. Rxe1 Ne4 19. Nc3 Nxc3 20. bxc3 Qd7 21. h3 f6 22. Rb1 b6 23. Nd2 Na5 24. Qb5 Qf5 25. g4 Qe6 26. Kg2 Rc8 27. Nf3 Rxc3 28. Re1 Qc6 29. Re8+ Kf7 30. Qxc6 Nxc6 31. Rc8 Rc4 32. Rc7+ Kg8 33. Rc8+ Kf7 34. Rc7+ Kg8 35. Rc8+ Kf7 36. Rc7+ Ne7 37. Rxa7 Ke6 1/2-1/2

[Event "European Women-ch 2023"]
[Site "Petrovac"]
[Date "2023.03.28"]
[Round "10.21"]
[White "Lazarne Vajda, Szidonia"]
[Black "Zherebtsova, Alexandra"]
[Result "1/2-1/2"]
[WhiteElo "2294"]
[BlackElo "2155"]
[Annotator "TA"]
[PlyCount "82"]
[EventDate "2023.03.15"]
[EventType "swiss"]
[EventCountry "MNE"]
[SourceTitle "playchess.com"]
[Source "ChessBase"]
[SourceQuality "1"]

1. Nf3 Nf6 2. g3 b5 3. Bg2 Bb7 4. O-O e6 5. d3 Be7 6. e4 d6 7. Nbd2 c5 8. a4 a6 9. axb5 axb5 10. Rxa8 Bxa8 11. Qe2 Qb6 12. e5 dxe5 13. Nxe5 Bxg2 14. Kxg2 Nc6 15. Nxc6 Qxc6+ 16. Kg1 O-O 17. Nb3 Rd8 18. Bd2 c4 19. Na5 cxd3 20. cxd3 Qc2 21. Rc1 Qxb2 22. Nc6 Re8 23. Nxe7+ Rxe7 24. Qe1 Qd4 25. Bc3 Qd5 26. Bxf6 gxf6 27. h4 Re8 28. Qe3 Rd8 29. Rc5 Qxd3 30. Qxd3 Rxd3 31. Rxb5 f5 32. Kg2 Kg7 33. Rb8 Rd5 34. f4 Rd3 35. Re8 Rd6 36. Kh3 Rd2 37. Ra8 Re2 38. Rb8 f6 39. Rb7+ Kg6 40. Rb6 h6 41. Ra6 h5 1/2-1/2

[Event "European Women-ch 2023"]
[Site "Petrovac"]
[Date "2023.03.28"]
[Round "10.21"]
[White "Humbatova, Nazli"]
[Black "Saraci, Rinesa"]
[Result "1-0"]
[WhiteElo "1737"]
[BlackElo "1503"]
[Annotator "NA RC COMBH"]
[PlyCount "89"]
[EventDate "2023.03.15"]
[EventType "swiss"]
[EventCountry "MNE"]
[SourceTitle "playchess.com"]
[Source "ChessBase"]
[SourceQuality "1"]

1. e4 e5 2. Nf3 Nc6 3. Bb5 a6 4. Ba4 Nf6 5. O-O Be7 6. Re1 b5 7. Bb3 O-O 8. h3 d6 9. c3 Bb7 10. d4 h6 11. Nbd2 Re8 12. Nf1 Na5 13. Bc2 Bf8 14. Ng3 c5 15. d5 Qc7 16. b3 Bc8 17. Nh2 g5 18. Ng4 Qe7 19. Ne3 Nb7 20. Nef5 Qd8 21. Be3 Kh7 22. Qc1 Ng8 23. Bd1 Bxf5 24. Nxf5 Qf6 25. Bg4 Rab8 26. Kh2 Ne7 27. Ng3 Qg6 28. Rh1 Bg7 29. Kg1 Bf6 30. Bf5 Nxf5 31. exf5 Qg8 32. Ne4 Bd8 33. h4 gxh4 34. f6 Qg6 35. Rxh4 h5 36. Qd1 Bxf6 37. Nxf6+ Qxf6 38. Qxh5+ Kg8 39. Rg4+ Kf8 40. Bh6+ Ke7 41. Bg5 Qxg5 42. Qxg5+ Kd7 43. Qf5+ Kd8 44. Qxf7 Re7 45. Rg8+ 1-0

[Event "European Women-ch 2023"]
[Site "Petrovac"]
[Date "2023.03.28"]
[Round "10.22"]
[White "Zhapova, Yana"]
[Black "Lomaia, Diana"]
[Result "1-0"]
[WhiteElo "2269"]
[BlackElo "1950"]
[Annotator "TA"]
[PlyCount "117"]
[EventDate "2023.03.15"]
[EventType "swiss"]
[EventCountry "MNE"]
[SourceTitle "playchess.com"]
[Source "ChessBase"]
[SourceQuality "1"]

1. e4 c5 2. Nf3 g6 3. d4 cxd4 4. Nxd4 Nc6 5. c4 Nf6 6. Nc3 d6 7. Be2 Nxd4 8. Qxd4 Bg7 9. Be3 O-O 10. Qd2 Be6 11. O-O Nd7 12. Rac1 a5 13. f4 f5 14. Rfd1 Kh8 15. Bd4 Nf6 16. Qe3 fxe4 17. Nxe4 Bf5 18. Nxf6 Bxf6 19. Bf3 Qd7 20. c5 Rac8 21. Bxf6+ Rxf6 22. Qd4 Kg7 23. h3 h5 24. Rc3 Rd8 25. c6 bxc6 26. Bxc6 Qe6 27. Bd5 Qd7 28. Rdc1 Qe8 29. Rc7 Bd7 30. Re1 Rc8 31. Ra7 Kf8 32. Rxa5 Bc6 33. Bb3 Rc7 34. Rg5 Bd7 35. Rf1 Bf5 36. g4 hxg4 37. hxg4 Bc2 38. Bd5 e5 39. fxe5 Rxf1+ 40. Kxf1 Qb5+ 41. Kg1 Qc5 42. Qxc5 Rxc5 43. exd6 Be4 44. d7 Ke7 45. Re5+ Kd8 46. Rxe4 Rxd5 47. Kf2 Rd2+ 48. Re2 Rd4 49. Kf3 Kxd7 50. Rc2 Kd6 51. b3 Ke5 52. Rc5+ Kf6 53. Rc4 Rd2 54. Ra4 Kg5 55. Ra5+ Kh4 56. Ke3 Rg2 57. g5 Rg3+ 58. Kd2 Rg2+ 59. Kc3 1-0

[Event "European Women-ch 2023"]
[Site "Petrovac"]
[Date "2023.03.28"]
[Round "10.22"]
[White "Buchholz, Maja Patricia"]
[Black "Popovic, Mateja"]
[Result "0-1"]
[WhiteElo "1883"]
[BlackElo "1832"]
[Annotator "NA RC COMBH"]
[PlyCount "78"]
[EventDate "2023.03.15"]
[EventType "swiss"]
[EventCountry "MNE"]
[SourceTitle "playchess.com"]
[Source "ChessBase"]
[SourceQuality "1"]

1. c4 e6 2. g3 d5 3. Bg2 Nf6 4. Nf3 Be7 5. O-O O-O 6. b3 b6 7. Bb2 Bb7 8. cxd5 Nxd5 9. e4 Nb4 10. e5 Nd3 11. Bc3 c5 12. Na3 a6 13. Nc4 Nc6 14. Qe2 b5 15. Nb2 Nxb2 16. Bxb2 Nb4 17. d4 cxd4 18. Rfd1 d3 19. Qd2 Rc8 20. Bc3 Nc2 21. Ba5 Qe8 22. Rab1 Bd8 23. Bc3 Be4 24. Ne1 Bxg2 25. Nxg2 Qc6 26. Bb2 Bb6 27. Qxd3 Nb4 28. Qe2 Qc2 29. Qe1 Nd3 30. Qf1 Nxf2 31. Rd6 Bc5 32. Bd4 Ne4 33. Ne3 Qxa2 34. Bxc5 Rxc5 35. Rd3 Nd2 36. Ra1 Nf3+ 37. Qxf3 Qxa1+ 38. Rd1 Qxe5 39. Ng4 Qf5 0-1

[Event "European Women-ch 2023"]
[Site "Petrovac"]
[Date "2023.03.28"]
[Round "10.23"]
[White "Paasikangas, Johanna"]
[Black "Radeva, Viktoria"]
[Result "1/2-1/2"]
[WhiteElo "2115"]
[BlackElo "2247"]
[Annotator "TA"]
[PlyCount "108"]
[EventDate "2023.03.15"]
[EventType "swiss"]
[EventCountry "MNE"]
[SourceTitle "playchess.com"]
[Source "ChessBase"]
[SourceQuality "1"]

1. d4 d5 2. Bf4 Nf6 3. e3 e6 4. Nd2 Bd6 5. Ngf3 O-O 6. Bd3 c5 7. dxc5 Bxc5 8. O-O Nc6 9. a3 Bd6 10. Bxd6 Qxd6 11. e4 dxe4 12. Nxe4 Qe7 13. Nxf6+ Qxf6 14. c3 e5 15. Qc2 g6 16. Rfe1 Bg4 17. Be4 Rfe8 18. Re3 Re7 19. Rae1 Rae8 20. Qa4 Bxf3 21. Bxf3 a6 22. Bxc6 Qxc6 23. Qxc6 bxc6 24. Re4 Rd8 25. g3 Rd2 26. b4 Rc2 27. Rxe5 Rxe5 28. Rxe5 Rxc3 29. Ra5 h5 30. h4 Kg7 31. Rxa6 Rb3 32. Kf1 Kf8 33. Ke2 Ke7 34. Rxc6 Rxa3 35. Rc4 Rb3 36. Kd2 Rb2+ 37. Ke3 f6 38. f3 Kd6 39. Kf4 Kd5 40. Re4 Rb3 41. Re8 Rxb4+ 42. Ke3 Rb5 43. Rg8 Ke6 44. Re8+ Kf5 45. Re4 Rb3+ 46. Kf2 g5 47. hxg5 Kxg5 48. Kg2 Rb2+ 49. Kh3 Rf2 50. f4+ Kf5 51. Ra4 Rb2 52. Ra5+ Kg6 53. Rc5 Ra2 54. Rb5 Rc2 1/2-1/2

[Event "European Women-ch 2023"]
[Site "Petrovac"]
[Date "2023.03.28"]
[Round "10.23"]
[White "Petrovska, Katerina"]
[Black "Bassari, Senem Gul"]
[Result "1/2-1/2"]
[WhiteElo "1907"]
[BlackElo "1524"]
[Annotator "TA"]
[PlyCount "167"]
[EventDate "2023.03.15"]
[EventType "swiss"]
[EventCountry "MNE"]
[SourceTitle "playchess.com"]
[Source "ChessBase"]
[SourceQuality "1"]

1. e4 c5 2. Nc3 d6 3. d4 cxd4 4. Qxd4 Nc6 5. Qd2 Nf6 6. b3 e6 7. Bb2 d5 8. exd5 exd5 9. O-O-O Be6 10. Nf3 Bb4 11. Qg5 Qe7 12. Bd3 O-O-O 13. Nb5 a6 14. Nbd4 Nxd4 15. Nxd4 Ba3 16. Rhe1 Bxb2+ 17. Kxb2 h6 18. Qxg7 Nh5 19. Qe5 Qg5 20. Nxe6 fxe6 21. Qxe6+ Kb8 22. Qe5+ Ka8 23. Qxg5 hxg5 24. Re5 Nf4 25. Rxg5 Rxh2 26. g3 Nh3 27. Rh5 Nxf2 28. Rxh2 Nxd1+ 29. Kc1 Nc3 30. a4 Rg8 31. Rg2 Kb8 32. g4 Rg5 33. Kd2 d4 34. Bf5 Nd5 35. Rh2 Ne3 36. Kd3 Nxg4 37. Bxg4 Rxg4 38. Rh5 Kc7 39. Rd5 Kc6 40. Rxd4 Rg3+ 41. Kc4 Rg2 42. c3 Rg5 43. b4 Rh5 44. Rg4 b5+ 45. Kb3 Rh6 46. Rg5 Rh1 47. Rg6+ Kb7 48. a5 Rh7 49. Rb6+ Ka7 50. Re6 Kb7 51. Kc2 Rd7 52. Re4 Kc6 53. Rd4 Re7 54. Rd8 Kc7 55. Rd5 Kc6 56. Rc5+ Kb7 57. Kd3 Re1 58. Rf5 Re7 59. Kd4 Rc7 60. Rd5 Rc4+ 61. Kd3 Rc7 62. Rd6 Ka7 63. Rd4 Rh7 64. c4 Rh3+ 65. Ke4 Rh4+ 66. Kd5 Rh5+ 67. Kc6 bxc4 68. Rxc4 Rh6+ 69. Kc5 Rh5+ 70. Kd4 Rh4+ 71. Kc3 Rh3+ 72. Kb2 Rh2+ 73. Kb3 Rh3+ 74. Rc3 Rh4 75. Rc7+ Kb8 76. Rd7 Rg4 77. Kc3 Rh4 78. Rd4 Rh8 79. Kc4 Rc8+ 80. Kd5 Kb7 81. Ke6 Re8+ 82. Kd7 Rh8 83. Kd6 Rd8+ 84. Kc5 1/2-1/2

[Event "European Women-ch 2023"]
[Site "Petrovac"]
[Date "2023.03.28"]
[Round "10.24"]
[White "Abdulla, Khayala"]
[Black "Walter, Ema"]
[Result "1-0"]
[WhiteElo "2221"]
[BlackElo "2048"]
[Annotator "TA"]
[PlyCount "77"]
[EventDate "2023.03.15"]
[EventType "swiss"]
[EventCountry "MNE"]
[SourceTitle "playchess.com"]
[Source "ChessBase"]
[SourceQuality "1"]

1. e4 e5 2. Nf3 Nc6 3. Bb5 Nge7 4. d4 exd4 5. Nxd4 Nxd4 6. Qxd4 Nc6 7. Qe3 Be7 8. Nc3 O-O 9. O-O Re8 10. Rd1 Bd6 11. f4 b6 12. Qf2 a6 13. Bc4 Bc5 14. Be3 Bxe3 15. Qxe3 Na5 16. Bd3 Bb7 17. Qh3 Re6 18. e5 Rh6 19. Qg4 d6 20. b4 Nc6 21. Be4 Qf8 22. Qd7 dxe5 23. Qxc7 Qc8 24. Rd7 Rb8 25. Rxf7 Qxc7 26. Rxc7 exf4 27. Rd1 Ba8 28. Rdd7 Nxb4 29. a3 Bxe4 30. Nxe4 Nc6 31. Rxg7+ Kh8 32. Rgf7 Ne5 33. Rxf4 Rd8 34. h3 Rg8 35. Rf5 Rhg6 36. Rxe5 Rxg2+ 37. Kf1 R2g6 38. Ree7 Rf8+ 39. Ke2 1-0

[Event "European Women-ch 2023"]
[Site "Petrovac"]
[Date "2023.03.28"]
[Round "10.24"]
[White "Recica, Jona"]
[Black "Ivanovic, Tara"]
[Result "0-1"]
[WhiteElo "1231"]
[BlackElo "1472"]
[Annotator "NA RC COMBH"]
[PlyCount "108"]
[EventDate "2023.03.15"]
[EventType "swiss"]
[EventCountry "MNE"]
[SourceTitle "playchess.com"]
[Source "ChessBase"]
[SourceQuality "1"]

1. e4 e5 2. Nf3 Nc6 3. Bc4 Bc5 4. c3 Nf6 5. d3 d6 6. O-O h6 7. Nbd2 O-O 8. h3 a6 9. a4 Be6 10. Re1 Ba7 11. Bb3 Ne7 12. Bc2 Ng6 13. Nf1 c6 14. Be3 Bxe3 15. fxe3 Nh7 16. Ng3 Ng5 17. Nf5 Nxf3+ 18. Qxf3 Qg5 19. Rf1 Nh4 20. Qf2 Nxf5 21. exf5 Bd7 22. e4 c5 23. Rad1 Bc6 24. h4 Qd8 25. Qg3 Qd7 26. h5 Kh8 27. f6 Rg8 28. Qe3 Qg4 29. fxg7+ Qxg7 30. Rf2 Raf8 31. Rdf1 f5 32. Bb3 f4 33. Qh3 d5 34. exd5 Bd7 35. Qh2 Rf5 36. Bd1 Rg5 37. Bf3 Rg3 38. Kh1 Bxa4 39. Be4 Be8 40. Rg1 Qg5 41. Bf3 Bd7 42. d6 b6 43. Re2 Qf6 44. Rge1 R8g5 45. d4 cxd4 46. cxd4 Qxd6 47. dxe5 Qe7 48. Qh4 Rxf3 49. gxf3 Rg1+ 50. Kxg1 Qxh4 51. e6 Qg3+ 52. Kf1 Qxf3+ 53. Rf2 Bb5+ 54. Kg1 Qg3+ 0-1

[Event "European Women-ch 2023"]
[Site "Petrovac"]
[Date "2023.03.28"]
[Round "10.25"]
[White "Dwilewicz, Katarzyna"]
[Black "Kubicka, Anna"]
[Result "0-1"]
[WhiteElo "2114"]
[BlackElo "2211"]
[Annotator "TA"]
[PlyCount "128"]
[EventDate "2023.03.15"]
[EventType "swiss"]
[EventCountry "MNE"]
[SourceTitle "playchess.com"]
[Source "ChessBase"]
[SourceQuality "1"]

1. e4 c6 2. d4 d5 3. exd5 cxd5 4. Bd3 Nc6 5. c3 Qc7 6. Ne2 Bg4 7. O-O e6 8. Qe1 Nf6 9. f3 Bh5 10. Bg5 Bg6 11. Qd2 Bd6 12. g3 Bxd3 13. Qxd3 h6 14. Bf4 Bxf4 15. Nxf4 g5 16. Ng2 O-O-O 17. Nd2 Kb8 18. b4 h5 19. f4 gxf4 20. Rxf4 Ng4 21. Raf1 f5 22. Nb3 h4 23. Nxh4 Rdg8 24. Kh1 b6 25. Nd2 Ne7 26. Ndf3 Rc8 27. Qe2 Qd6 28. Ng5 Rh5 29. Rxg4 fxg4 30. Qxg4 Rxg5 31. Qxg5 Rxc3 32. Re1 Qxb4 33. Qe5+ Kb7 34. Qxe6 Nc6 35. Nf5 Rc2 36. Nd6+ Ka6 37. Qc8+ Ka5 38. Nb7+ Kb5 39. Rd1 Qb2 40. a4+ Kb4 41. Qf8+ Kxa4 42. Qf1 Nb4 43. Ra1+ Na2 44. Rb1 Qxb1 45. Qxb1 Rc1+ 46. Qxc1 Nxc1 47. h4 Ne2 48. Kg2 Nxd4 49. h5 Ne6 50. g4 Kb3 51. Nd6 a5 52. h6 Nf8 53. Nb5 a4 54. Nd4+ Kc4 55. Nc2 Kc3 56. Na3 Kb3 57. Nb5 a3 58. Nxa3 Kxa3 59. Kf3 b5 60. Kf4 b4 61. g5 b3 62. h7 Nxh7 63. g6 Nf8 64. g7 Ne6+ 0-1

[Event "European Women-ch 2023"]
[Site "Petrovac"]
[Date "2023.03.28"]
[Round "10.25"]
[White "Maras, Marija Mia"]
[Black "Bluebaum, Johanna"]
[Result "0-1"]
[WhiteElo "1051"]
[BlackElo "1954"]
[Annotator "TA"]
[PlyCount "38"]
[EventDate "2023.03.15"]
[EventType "swiss"]
[EventCountry "MNE"]
[SourceTitle "playchess.com"]
[Source "ChessBase"]
[SourceQuality "1"]

1. c4 e6 2. Nc3 d5 3. cxd5 exd5 4. e3 Nf6 5. Nge2 c6 6. g3 Bd6 7. Bg2 O-O 8. e4 dxe4 9. Nxe4 Nxe4 10. Bxe4 Qe7 11. Bf3 Bh3 12. a3 Re8 13. d3 Nd7 14. Qd2 Ne5 15. Be4 f5 16. f4 fxe4 17. fxe5 exd3 18. Qxd3 Bxe5 19. Kd1 Rad8 0-1

[Event "European Women-ch 2023"]
[Site "Petrovac"]
[Date "2023.03.28"]
[Round "10.26"]
[White "Richterova, Natasa"]
[Black "Makropoulou, Marina"]
[Result "1-0"]
[WhiteElo "2190"]
[BlackElo "2102"]
[Annotator "TA"]
[PlyCount "159"]
[EventDate "2023.03.15"]
[EventType "swiss"]
[EventCountry "MNE"]
[SourceTitle "playchess.com"]
[Source "ChessBase"]
[SourceQuality "1"]

1. e4 c5 2. Nf3 d6 3. Bb5+ Nd7 4. O-O a6 5. Bxd7+ Bxd7 6. d4 cxd4 7. Qxd4 Nf6 8. Re1 e5 9. Qd3 Rc8 10. Bg5 h6 11. Bxf6 Qxf6 12. Nc3 Qd8 13. Nd5 Be7 14. Rad1 Be6 15. c3 Bxd5 16. Qxd5 Qc7 17. Nd2 O-O 18. Nf1 b5 19. Ne3 g6 20. Qd2 Qc5 21. Qe2 Bg5 22. Rd5 Qc7 23. Red1 Rfd8 24. Qd3 Be7 25. g3 Kg7 26. Kg2 Qb8 27. Qe2 h5 28. a3 Rc6 29. Nc2 Rc5 30. Nb4 Qb7 31. R5d3 Rf8 32. Nd5 Bd8 33. Kg1 Rc8 34. R3d2 Rc5 35. Nb4 Be7 36. Rd5 Rxd5 37. Rxd5 Rc8 38. a4 Rc5 39. axb5 axb5 40. Qd3 Rc4 41. f3 Qa7+ 42. Kg2 Qa1 43. Qe2 Qa4 44. Qd1 Qxd1 45. Rxd1 f5 46. Nd5 Bg5 47. h4 Bh6 48. exf5 gxf5 49. Ne7 Kf6 50. Ng8+ Ke6 51. Nxh6 b4 52. Rd3 bxc3 53. bxc3 d5 54. Kf2 Rc8 55. Ke2 e4 56. Re3 Kf6 57. fxe4 dxe4 58. c4 Kg6 59. Nxf5 Kxf5 60. Rc3 Rc5 61. Ke3 Ke5 62. Rc1 Rc8 63. c5 Rg8 64. Kf2 Rg7 65. c6 Rc7 66. Ke3 Kd5 67. Rd1+ Ke5 68. Rc1 Kd5 69. Rc2 Ke5 70. Rc4 Kf5 71. Rc5+ Kg4 72. Rg5+ Kh3 73. Rg6 Re7 74. Rg5 Rc7 75. Rxh5 Rxc6 76. Rg5 Re6 77. h5 Kh2 78. Rg6 Re8 79. h6 Kh3 80. h7 1-0

[Event "European Women-ch 2023"]
[Site "Petrovac"]
[Date "2023.03.28"]
[Round "10.27"]
[White "Koljevic, Nikolina"]
[Black "Kejzar, Petra"]
[Result "1-0"]
[WhiteElo "2042"]
[BlackElo "2128"]
[Annotator "TA"]
[PlyCount "69"]
[EventDate "2023.03.15"]
[EventType "swiss"]
[EventCountry "MNE"]
[SourceTitle "playchess.com"]
[Source "ChessBase"]
[SourceQuality "1"]

1. e4 c5 2. Nf3 e6 3. d4 cxd4 4. Nxd4 Nc6 5. Nc3 Qc7 6. Be3 a6 7. Qf3 Nf6 8. O-O-O Bb4 9. Nxc6 Qxc6 10. Bd4 Be7 11. Qg3 d6 12. e5 dxe5 13. Bxe5 Bd7 14. Be2 Qc8 15. Qxg7 Rg8 16. Qh6 Rg6 17. Qh3 Bc6 18. Bf3 Kf8 19. Rhe1 Bxf3 20. Qxf3 b5 21. h4 b4 22. Ne4 Nd5 23. Nd6 Bxd6 24. Bxd6+ Kg8 25. h5 Rg7 26. Be5 f6 27. Bxf6 Rf7 28. Qg3+ Kf8 29. Qd6+ Kg8 30. Rxe6 Nf4 31. Re4 Nxh5 32. Bd4 Qf5 33. Re5 Qf4+ 34. Be3 Qh4 35. Qd5 1-0

[Event "European Women-ch 2023"]
[Site "Petrovac"]
[Date "2023.03.28"]
[Round "10.28"]
[White "Berke, Ana"]
[Black "Heinemann, Josefine"]
[Result "1-0"]
[WhiteElo "2107"]
[BlackElo "2343"]
[Annotator "TA"]
[PlyCount "63"]
[EventDate "2023.03.15"]
[EventType "swiss"]
[EventCountry "MNE"]
[SourceTitle "playchess.com"]
[Source "ChessBase"]
[SourceQuality "1"]

1. e4 c5 2. Nf3 d6 3. d4 cxd4 4. Qxd4 Nc6 5. Bb5 Bd7 6. Bxc6 Bxc6 7. Nc3 Nf6 8. Bg5 e6 9. O-O-O Be7 10. Rhe1 O-O 11. e5 dxe5 12. Nxe5 Qa5 13. Qh4 h6 14. Bxh6 gxh6 15. Qxh6 Be4 16. f4 Bg6 17. Nxg6 fxg6 18. Qxg6+ Kh8 19. Re3 Qh5 20. Rh3 Qxh3 21. gxh3 Rg8 22. Qh6+ Nh7 23. Rd7 Rae8 24. Ne4 Rg1+ 25. Kd2 Rg7 26. Ke2 Rf8 27. Rxb7 a5 28. Ng5 Rf6 29. Qxg7+ Kxg7 30. Rxe7+ Kg6 31. Rxh7 Rxf4 32. h4 1-0

[Event "European Women-ch 2023"]
[Site "Petrovac"]
[Date "2023.03.29"]
[Round "11.2"]
[White "Narva, Mai"]
[Black "Rudzinska, Michalina"]
[Result "1/2-1/2"]
[WhiteElo "2389"]
[BlackElo "2212"]
[Annotator "TA"]
[PlyCount "102"]
[EventDate "2023.03.15"]
[EventType "swiss"]
[EventCountry "MNE"]
[SourceTitle "playchess.com"]
[Source "ChessBase"]
[SourceQuality "1"]

1. e4 c6 2. d4 d5 3. e5 Bf5 4. h4 h5 5. Bd3 Bxd3 6. Qxd3 Qa5+ 7. Nd2 e6 8. Ngf3 Nh6 9. O-O Nf5 10. Nb3 Qb5 11. Qd1 c5 12. dxc5 Bxc5 13. a4 Qb6 14. Qd3 O-O 15. a5 Qc7 16. Re1 Nd7 17. c3 a6 18. Bf4 Rac8 19. Rac1 Ba7 20. Qd1 g6 21. Bg5 Nc5 22. Nbd4 Ne4 23. Qa4 Qb8 24. Nd2 Nxg5 25. hxg5 Bxd4 26. cxd4 Rxc1 27. Rxc1 Rc8 28. Rc3 Rxc3 29. bxc3 b5 30. Qb4 Qd8 31. f4 Qc7 32. Kf2 Ne7 33. Ke2 Nc6 34. Qc5 Qb7 35. Nb3 b4 36. Kd3 bxc3 37. Kxc3 Qc7 38. Kb2 Qb7 39. Qb6 Qc8 40. g3 Kg7 41. Qc5 Qb7 42. Kc3 Qc8 43. Nc1 Qc7 44. Nb3 Qc8 45. Kd2 Qb7 46. Qb6 Nxa5 47. Qxb7 Nxb7 48. Kc3 a5 49. Kb2 a4 50. Nc1 Na5 51. Ka3 Nc4+ 1/2-1/2

[Event "European Women-ch 2023"]
[Site "Petrovac"]
[Date "2023.03.29"]
[Round "11.8"]
[White "Golsta, Ramona"]
[Black "Kobak, Polina"]
[Result "0-1"]
[WhiteElo "1760"]
[BlackElo "1815"]
[Annotator "NA RC COMBH"]
[PlyCount "52"]
[EventDate "2023.03.15"]
[EventType "swiss"]
[EventCountry "MNE"]
[SourceTitle "playchess.com"]
[Source "ChessBase"]
[SourceQuality "1"]

1. d4 Nf6 2. c4 e6 3. Nc3 Bb4 4. f3 c5 5. d5 O-O 6. e4 b5 7. Bg5 h6 8. Bh4 Re8 9. d6 bxc4 10. Bxc4 Nc6 11. Nge2 Ne5 12. Bb3 c4 13. Bc2 Ba6 14. a3 Bc5 15. f4 Neg4 16. e5 Ne3 17. Qc1 Nxg2+ 18. Kd1 Nxh4 19. exf6 gxf6 20. f5 Nxf5 21. Bxf5 exf5 22. Qxh6 Qb6 23. Nd5 Qb3+ 24. Ke1 Rxe2+ 25. Kxe2 Qc2+ 26. Ke1 Bf2+ 0-1

[Event "European Women-ch 2023"]
[Site "Petrovac"]
[Date "2023.03.29"]
[Round "11.14"]
[White "Wagner, Dinara"]
[Black "Sandu, Mihaela"]
[Result "1-0"]
[WhiteElo "2411"]
[BlackElo "2211"]
[Annotator "TA"]
[PlyCount "123"]
[EventDate "2023.03.15"]
[EventType "swiss"]
[EventCountry "MNE"]
[SourceTitle "playchess.com"]
[Source "ChessBase"]
[SourceQuality "1"]

1. d4 Nf6 2. c4 e6 3. Nf3 Bb4+ 4. Bd2 Qe7 5. g3 Bxd2+ 6. Qxd2 Nc6 7. a3 d5 8. Bg2 dxc4 9. Qc3 e5 10. dxe5 Ng4 11. Nbd2 Ncxe5 12. O-O O-O 13. Nxc4 Nxc4 14. Qxc4 c6 15. Rad1 Nf6 16. Nd4 a6 17. Rfe1 Bg4 18. h3 Bd7 19. e4 Rad8 20. e5 Nd5 21. Bxd5 cxd5 22. Qc7 Qg5 23. h4 Qg4 24. Qxb7 Rb8 25. Qxa6 Rxb2 26. Qa5 Be6 27. Qc3 Rfb8 28. a4 Bf5 29. Nxf5 Qxf5 30. Rd2 Rb1 31. Rde2 h5 32. a5 R8b3 33. Qd2 Qf3 34. Rxb1 Rxb1+ 35. Re1 Rxe1+ 36. Qxe1 d4 37. a6 d3 38. Qc3 Qd1+ 39. Kg2 Qc2 40. Qxc2 dxc2 41. a7 c1=Q 42. a8=Q+ Kh7 43. Qf3 Kg6 44. Qe4+ Kh6 45. Qe3+ Qxe3 46. fxe3 Kg6 47. e4 Kh7 48. Kf3 g6 49. Kf4 Kg8 50. g4 hxg4 51. Kxg4 Kf8 52. Kg5 Ke7 53. Kh6 Ke6 54. Kg7 Ke7 55. Kg8 Ke8 56. e6 f5 57. exf5 gxf5 58. h5 f4 59. h6 f3 60. h7 f2 61. h8=Q f1=Q 62. Qg7 1-0